| 000 | 00678nam a2200217 a 4500 | ||
|---|---|---|---|
| 003 | DO-SdBNP | ||
| 005 | 20221206095931.0 | ||
| 007 | ta | ||
| 008 | 221206b200? dr ad||fr|||| 00| 0 spa d | ||
| 040 |
_aDO-SdBNP _bspa _cBNPHU |
||
| 082 | 4 |
_222 _bG943f |
|
| 245 | 0 | 0 |
_aGuía fiduapap: _bnegocios fiduciarios. / |
| 260 |
_a[Santo Domingo] : _bFiduAPAP, _c[200?], |
||
| 300 |
_a35 p. : _bil. ; _c21 cm. |
||
| 590 | _aInventariado 2022 / MF | ||
| 650 | 4 |
_914591 _aAsociaciones Bancarias _xGuías |
|
| 650 | 4 |
_981898 _aInversión _xGuía de planificación |
|
| 710 | 2 |
_aAsociación Popular de Ahorros y Préstamos (República Dominicana) _982995 |
|
| 910 | _aMFeliz | ||
| 942 |
_2ddc _cLF2 |
||
| 999 |
_c53074 _d53074 |
||